Southville International School and Colleges
Your cart is empty.
  • Cart
  • Lists
    Public lists Eva Luna New books Lux_list list_1
    Your lists Log in to create your own lists
  • Log in to your account
  • Your cookies
  • Search history
Southville International School and Colleges
  • Advanced search
  • Recent comments
  • Most popular
  • Libraries

Log in to your account

Log in with GOOGLE


If you do not have an external account, but do have a local account, you can still log in:

  1. Home
  2. MARC view: What fo you do with a kangaroo? /
Normal view MARC view ISBD view

What fo you do with a kangaroo? / (Record no. 104556)

[ view plain ]
MARC details
000 -LEADER
fixed length control field 00663nam a2200169 a 4500
005 - DATE AND TIME OF LATEST TRANSACTION
control field 20140412111325.0
008 - FIXED-LENGTH DATA ELEMENTS--GENERAL INFORMATION
fixed length control field 000818s19uu xx 00 eng d
020 ## - INTERNATIONAL STANDARD BOOK NUMBER
International Standard Book Number 0-590-44850-1
050 ## - LIBRARY OF CONGRESS CALL NUMBER
Classification number TR(PS E
Item number Wh55 1973
100 ## - MAIN ENTRY--PERSONAL NAME
Personal name Mayer, Mercer
245 ## - TITLE STATEMENT
Title What fo you do with a kangaroo? /
Statement of responsibility, etc written and illustrated by Mercer Mayer.
260 ## - PUBLICATION, DISTRIBUTION, ETC. (IMPRINT)
Place of publication, distribution, etc New York :
Name of publisher, distributor, etc Scholastic Inc,
Date of publication, distribution, etc 1979.
300 ## - PHYSICAL DESCRIPTION
Extent 1 v. (unp.) ; ill.
520 ## - SUMMARY, ETC.
Summary, etc If the bossy kangaroo jumped through your window and started telling you what to do AND refused to go away AND had all kinds of other animals joining him . . . what would you do?
650 ## - SUBJECT ADDED ENTRY--TOPICAL TERM
Topical term or geographic name as entry element Kangaroos-Fiction
Holdings
Withdrawn status Lost status Damaged status Use restrictions Home library Current library Shelving location Date acquired Source of acquisition Cost, normal purchase price Total Checkouts Full call number Barcode Date last seen Price effective from Koha item type
        Elizalde Library Elizalde Library Teachers Reference Section 08/18/2000   219.00   TR(PS E Wh55 1973 E8228 04/12/2014 04/12/2014 Books

What fo you do with a kangaroo? /

APA

Mayer M., . (1979). What fo you do with a kangaroo?. New York: Scholastic Inc.

Chicago

Mayer Mercer, . 1979. What fo you do with a kangaroo?. New York: Scholastic Inc.

Harvard

Mayer M., . (1979). What fo you do with a kangaroo?. New York: Scholastic Inc.

MLA

Mayer Mercer, . What fo you do with a kangaroo?. New York: Scholastic Inc. 1979.

  • Place hold
  • Print
  • Cite
  • Add to your cart (remove)
  • Save record
    BIBTEX Dublin Core MARCXML MARC (non-Unicode/MARC-8) MARC (Unicode/UTF-8) MARC (Unicode/UTF-8, Standard) MODS (XML) RIS
  • More searches
    Search for this title in:
    Other Libraries (WorldCat) Other Databases (Google Scholar) Online Stores (Bookfinder.com) Open Library (openlibrary.org)

Exporting to Dublin Core...

SOUTHVILLE LIBRARY

Southville International School and Colleges Library

1281 Tropical Ave. Cor. Luxembourg St., BF Homes International, Las Pinas City

Tel. No. 8256374 / 252358 Loc. 117/146

Powered by Koha